| 000 | 00504nam a2200157Ia 4500 | ||
|---|---|---|---|
| 008 | 240729s9999 xx 000 0 und d | ||
| 022 | _a2527-7456 | ||
| 245 | 0 | _aPsikohumaniora: Jurnal Penelitian Psikologi | |
| 260 | _aIndonesia | ||
| 260 | _bUniversitas Islam Negeri Walisongo Semarang, Faculty of Psychology and Health | ||
| 650 | _a Psychology | ||
| 650 | _aPhilosophy. Psychology. Religion | ||
| 856 | _uhttps://doaj.org/toc/5716f71b0dd64fbb8f10bfae1720a0a8 | ||
| 942 | _2ddc | ||
| 942 | _cDOAJEJ | ||
| 999 |
_c69450 _d69450 |
||
| 945 |
_a1 _bMadushi Gamage _c1 _dMadushi Gamage |
||